000 00425pab a2200169 454500
008 180718b1990 xxu||||| |||| 00| 0 eng d
100 _aSinha, Lata
245 _aRole and rationale of all India services
260 _c1990
300 _ap.813-839.
362 _aOct-Dec
650 _aCivil service - India
650 _aCivil service
773 _aIndian Journal of Public Administration
908 _aN
909 _a5781
999 _c5781
_d5781